000
00249nam a2200097Ia 4500
008
220204s9999 xx 000 0 und d
082
_a
331(540)
_b
IND
245
0
_a
Indian labour year book 1961
260
_a
New Delhi
_b
Labour Bureau
_c
1962
942
_c
BK
999
_c
20039
_d
20039